00989nam a2200253 i 4500001000700000003000900007005001700016008004100033020001800074080001400092100002900106245015900135260004700294300002200341490002700363504004400390650003000434650003600464700003600500830003500536852002200571999001900593952012300612173219ES-MaACL20230906215158.0091118s2003 sp |||| | spa d a84-493-1514-X a615.851.11 aNeenan, Michael.915611611a"Coaching" para vivir b: aprende a organizarte y a ser más asertivo / cMichael Neenan y Windy Dryden ; [traducción de Genís Sánchez Barberán]. aBarcelona : bPaidós Ibérica, c[2003] a286 p. ; c21 cm.1 aPaidós plural ; v42 aBibliografía: p. [261]-271. Índice. 4aTerapia cognitiva.917483 4aAsesoramiento personal.91561171 aDryden, Windy (d1950-)91561181 aPaidós plural ; v4291852844 aES-MaACLjE-13167 c173219d173219 00104070aATENEOMbATENEOMcDEPO2d2009-11-18eDONl0oE-13167p1181759r2023-02-23 00:00:00w2023-02-23yMONOGRAFIA